Διαλέξεις Θεματικής Χαρτογραφίας (Record no. 3166)
[ view plain ]
| 000 -LEADER | |
|---|---|
| fixed length control field | 02986cam a22002054a 4500 |
| 005 - ΗΜΕΡΟΜΗΝΙΑ ΚΑΙ ΩΡΑ ΤΕΛΕΥΤΑΙΑΣ ΕΝΗΜΕΡΩΣΗΣ | |
| Πεδίο ελέγχου | 20250605164107.0 |
| 008 - FIXED-LENGTH DATA ELEMENTS--GENERAL INFORMATION | |
| Πεδίο ελέγχου σταθερού μήκους | 250528s ||||||||||||||||||||||||d |
| 035 ## - SYSTEM CONTROL NUMBER | |
| System control number | 17766 |
| 020 ## - ISBN | |
| ISBN | 9789609495448 |
| 040 ## - ΠΗΓΗ ΚΑΤΑΛΟΓΟΓΡΑΦΗΣΗΣ | |
| Φορέας πρωτότυπης καταλογογράφησης | MC Athens Campus Library |
| Γλώσσα καταλογογράφησης | Ελληνικά, Μοντέρνα (1453-) |
| Modifying agency | MC Athens Campus Library |
| Κανόνες περιγραφικής καταλογογράφησης | AACR2 |
| 245 1# - ΤΙΤΛΟΣ ΚΑΙ ΔΗΛΩΣΗ ΥΠΕΥΘΥΝΟΤΗΤΑΣ | |
| Τίτλος | Διαλέξεις Θεματικής Χαρτογραφίας |
| 260 ## - PUBLICATION, DISTRIBUTION, ETC. | |
| Name of publisher, distributor, etc. | Δίσιγμα, |
| Date of publication, distribution, etc. | 2017 |
| 300 ## - PHYSICAL DESCRIPTION | |
| Extent | 396 |
| 520 ## - SUMMARY, ETC. | |
| Summary, etc. | Στόχος του βιβλίου είναι η γνώση, η εμπέδωση και εφαρμογή των χαρτογραφικών κανόνων και των αρχών της γραφικής σημειολογίας, η ικανότητα στη λήψη απόφασης περί τον χαρτογραφικό συμβολισμό, ανάλογα με τα προς απεικόνιση δεδομένα, η δεξιότητα στο χειρισμό σύγχρονων χαρτογραφικών εργαλείων και η ικανότητα στο σχεδιασμό και τη σύνθεση ενος εύληπτου, επικοινωνιακά ακριβούς, επιστημονικά αξιόπιστου και αισθητικά επαρκούς χαρτογραφικού αποτελέσματος. Εισαγωγή,Χάρτης και Χαρτογραφία, Είδη και Ταξινόμηση Χαρτών, Χαρτογραφική Πληροφορία, Χαρτογραφικά Υπόβαθρα: Συστήματα Αναφοράς και Χαρτογραφικές Προβολές, Η Μετρητική Φύση των Χαρτογραφικών Δεδομένων, Χαρτογραφική Αφαίρεση και Γενίκευση και Ταξινόμηση, Πηγές Χαρτογραφικών Δεδομένων, Χάρτες και Θεματικές Απεικονίσεις, Καταγωγή των Θεματικών Χαρτών, Σύγχρονες Τάσεις της Θεματικής Χαρτογραφίας, Χαρτογραφική Σημειολογία, Οπτική Οργάνωση των Γραφικών Στοιχείων, Κανόνες Οπτικής Ισορροπίας, Σχεδιαστικές Αρχές και Χαρτογραφικά Σύνολα, Θεματικός Συμβολισμός Ποιοτικών Χαρακτηριστικών, Χαρογραφική Αναγραφή - Τυπογραφία, Θεματικός Συμβολισμός Ποσοτικών Δεδομένων, Χαρογραφική Σύνταξη και Παραγωγή, Οι Ψηφιακές Δομές της Θεματικής Χαρογραφίας, Μια Περιήγηση σε Θεματικούς Χάρτες: Τυπικά Γεωγραφικά Δεδομένα και Επιλογές στο Χαρτογραφικό Συμβολισμό, Βιβλιογραφία. |
| 700 1# - ΠΡΟΣΘΕΤΗ ΑΝΑΓΡΑΦΗ--ΦΥΣΙΚΟ ΠΡΟΣΩΠΟ | |
| Personal name | Κάτσιος Ιωάννης |
| 9 (RLIN) | 3996 |
| 700 1# - ΠΡΟΣΘΕΤΗ ΑΝΑΓΡΑΦΗ--ΦΥΣΙΚΟ ΠΡΟΣΩΠΟ | |
| Personal name | Τσάτσαρης Ανδρέας |
| 9 (RLIN) | 3997 |
| 942 ## - ADDED ENTRY ELEMENTS (KOHA) | |
| Koha item type | Books |
| Τύπος τεκμηρίου | Βιβλιοθήκη | Τρέχουσα τοποθεσία | Barcode | Αριθμός εισαγωγής | Ημερομηνία απόκτησης | Ταξιθετικό σύμβολο | Αριθμός αντιτύπου | Κατάσταση απόσυρσης | Κατάσταση χαμένου | Κατάσταση κατεστραμμένου | Μη δανεισμός | Σύνολο δανεισμών | Ημερομηνία τελευταίας εμφάνισης | Η τιμή ισχύει από |
|---|---|---|---|---|---|---|---|---|---|---|---|---|---|---|
| Books | MC Athens Campus Library | MC Athens Campus Library | 9780000031655 | 7143 | 05/06/2025 | 526 KAT | 1 | 05/06/2025 | 05/06/2025 |